000
00513nam a2200181Ia 4500
008
090124s9999 xx 000 0 und d
082
_b
132339
100
_a
सुर्वे नंदा
245
_a
पाने उलटताना
250
_a
1
260
_c
2004
300
_a
140
600
_a
सुर्वे नंदा
630
_a
पाने उलटताना
700
_a
सुर्वे नंदा
730
_a
पाने उलटताना
942
_c
BOOK
999
_c
178428
_d
178428